| 000 | 00598nam a2200181 a 4500 | ||
|---|---|---|---|
| 001 | 2729 | ||
| 003 | CDMR | ||
| 005 | 20131213174201.0 | ||
| 008 | 130130s1992||||||||||||||||||||||||||||d | ||
| 040 |
_aCDMR _bcat _cCDMR |
||
| 110 | 2 |
_aInternational Federation of Journalists _9997 |
|
| 245 | 1 | 0 |
_aManual de trabajo para Círculos de Estudio _cFIP |
| 260 |
_aCaracas (Venezuela) _c[1992] _bFederación Internacional de Periodistas. Oficina Regional |
||
| 300 |
_a6 [f] ; _c22 cm |
||
| 500 | _aPrograma de desarrollo sindical | ||
| 650 | 0 | 4 |
_9216 _aAssociacions de professionals i tècnics |
| 942 |
_cMON _2udc |
||
| 999 |
_c2729 _d2729 |
||